00869cas a2200229 a 4500999001500000001000600015003000900021005001700030008004100047022001400088040003800102082002100140245010400161260007500265300004100340590003200381650004100413650002900454700002200483942001500505952011900520 c1131d113115705BD-DhUAP20200203105826.0200203c1997 bg fr p g 0 0eng  a1609-3593 aBD-DhUAPbEngcBD-DhUAPdBD-DhUAP00a340.5492 BAN22300aBangladesh journal of law :ba special issue, criminal justice system /cedited by Naimuddin Ahmed. aDhaka :bBangladesh Institute of Law and International Affairs,c2007. a302 pages :billustrations ;c24 cm. aSERBIB/SERLOC merged record 0aLawzBangladeshvPeriodicals.931433 0aLawvPeriodicals.931434 aAhmed, Naimuddin  2ddccBKs1 00102ddc4070aUAPCLbUAPCLcGeneral Stacksd2020-02-03o340.5492 BANp3010015705r2020-02-03t1w2020-02-03yBK